000 00531nam a2200169 4500
001 144979
003 ES-MaACL
005 20230906201135.0
007 t|
008 070214s1946 xxk r ||||1| eng d
100 1 _aSmith, T. B.
_9106923
245 1 0 _aAnalytical processes
_b: a physico-chemical interpretation /
_cby T. B. Smith.
250 _a[2nd ed., reimp.].
260 _aLondon :
_bEdward Arnold,
_c1946 (
_eFrome :
_fButler & Tanner)
300 _aVIII, 470 p. :
_bil. ;
_c23 cm.
852 _aES-MaACL
_jC-4260
_bR.24050
999 _c144979
_d144979